Loading...
History - World History | 0 | 7 | 1 | 2 | 65 | 69 | 107.29 | 1 | 5 |
History - European History | 0 | 7 | 3 | 0 | 55 | 40 | 87.71 | 1 | 4 |
History - American History | 0 | 4 | 1 | 0 | 35 | 72 | 89.75 | 1 | 4 |
Current Events | 0 | 3 | 0 | 0 | 30 | 103 | 107.00 | 0 | 2 |
Social Science | 0 | 2 | 0 | 0 | 20 | 39 | 68.00 | 1 | 1 |
Fine Arts - Painting and Sculpture | 0 | 2 | 0 | 0 | 20 | 114 | 125.50 | 0 | 0 |
History - Other History | 0 | 3 | 2 | 0 | 20 | 90 | 94.67 | 0 | 2 |
Fine Arts - Other Fine Arts | 0 | 2 | 0 | 0 | 20 | 89 | 101.50 | 1 | 2 |
Literature - European Literature | 0 | 1 | 0 | 1 | 10 | 142 | 142.00 | 0 | 1 |
Geography | 0 | 1 | 0 | 0 | 10 | 82 | 82.00 | 0 | 1 |
Mythology | 0 | 1 | 0 | 0 | 10 | 71 | 71.00 | 1 | 1 |
Religion | 0 | 1 | 0 | 0 | 10 | 120 | 120.00 | 0 | 1 |
Literature - World Literature | 0 | 1 | 1 | 0 | 5 | 133 | 133.00 | 0 | 0 |
Literature - British Literature | 0 | 0 | 1 | 0 | -5 | 0.00 | 0 | 0 |